| 000 | 00775nam a2200229 a 4500 | ||
|---|---|---|---|
| 005 | 20210223130550.0 | ||
| 008 | 080729s1980 mx r 000 0 spa d | ||
| 035 | _aUPN01000158413 | ||
| 049 | _aUNE | ||
| 080 | _a374 (100) =20 THO No.47. | ||
| 100 | 1 | _aThomas, R. Murray | |
| 245 | 1 | 0 |
_aFormal and non-formal education options : _bsome suggestions for creating and communicating / _cby R. Murray Thomas. |
| 260 |
_aParís : _bUNESCO ; _aNew York : _bUNICEF ; _c1980. |
||
| 300 | _a13 p. | ||
| 440 | 0 |
_aNotes, Comments... ; _v47. |
|
| 690 | _aEducación extraescolar - Sistemas escolares | ||
| 690 | _aEducación no formal - Sistemas escolares | ||
| 710 | 2 | _aUNESCO | |
| 710 | 2 |
_aUNICEF _924085 |
|
| 710 | 2 |
_aWFP. _bPrograma de Alimentación Mundial |
|
| 905 | _aUNESCO | ||
| 999 |
_c130527 _d130527 |
||